Gaming Quiz

Random Gaming or Pokémon Quiz

Pokemon Location by Music Quiz Stats

 Plays Quiz not verified by Sporcle

Also try: Rock Band Songs
Challenge
Share
Tweet
Score 0/41 Timer 20:00
0 Plays Today
Time Location % Correct
0:30-0:50Cave
83%
2:02-2:19Surf
76.3%
6:29-6:49Pokémon Center
71.7%
0:13-0:29Nimbasa City
66.2%
11:35-11:50Lavender Town
66.2%
7:40-7:56Pokémon Gym
66%
11:51-12:15Wild Pokémon Battle
65.7%
3:44-4:03Champion Battle
65.2%
8:36-8:51Pallet Town
64.6%
0:00-0:12S.S. Anne
64.1%
1:27-1:42Cerulean City, Fuchsia City
63.6%
4:36-4:53Goldenrod City
62.3%
2:54-3:07Viridian City, Pewter City, Saffron City
61.1%
9:50-10:07Bicycle
61.1%
4:17-4:35Fortree City
57.1%
9:12-9:30Littleroot Town
56.7%
2:20-2:36Castelia City
56.4%
1:43-2:01Ecruteak City, Cianwood City
56.2%
0:51-1:08Verdanturf Town
55.4%
7:07-7:22Celadon City
53.7%
2:37-2:53Rustboro City
52.9%
Time Location % Correct
7:57-8:16Azalea Town, Blackthorn City
52.4%
1:09-1:26Hearthome City
52.2%
10:23-10:39Slateport City
52.2%
6:50-7:06Jubilife City
52%
7:23-7:39Petalburg City
51.3%
10:57-11:14Violet City, Olivine City
51.3%
5:53-6:11Silph Co.
49.7%
4:54-5:15Poké Mart
47.5%
5:16-5:31Oreburgh City
47.5%
9:31-9:49Driftveil City
46.8%
4:04-4:16Cinnabar Island
44.9%
10:40-10:56Critical Health
44.9%
3:08-3:25Sunyshore City
41.6%
10:08-10:22Vermilion City
40.7%
11:15-11:34Veilstone City
40.7%
8:52-9:11Canalave City
39.6%
6:12-6:28Undella Town
35.5%
8:17-8:35Mistralton City
35%
3:26-3:43Accumula Town
33.5%
5:32-5:52Nacrene City
29.5%

You're not logged in!

Compare scores with friends on all Sporcle quizzes.
Join for Free
OR
Log In

You Might Also Like...

Show Comments

Extras

Top Quizzes Today


Score Distribution

Your Account Isn't Verified!

In order to create a playlist on Sporcle, you need to verify the email address you used during registration. Go to your Sporcle Settings to finish the process.

Report this User

Report this user for behavior that violates our Community Guidelines.

Details: